000 00611nam a2200229 i 4500
001 C2-0124578
003 PPAK
005 20180727114748.0
008 970903s1996 si a|||| ||||| | eng d
020 _a9813050632
040 _aPPAK
_beng
_cPPAK
_erda
082 0 4 _a823
_223
090 0 0 _a823
_bJON
_dK
100 0 _aJonathan,
_eauthor
245 1 4 _aThe grateful mouse
264 1 _aSingapore :
_bSystem Publishing House ,
_c1996
300 _a[n.p.] :
_bcolour illustrations ;
_c23 cm
336 _2rdacontent
_atext
337 _2rdamedia
_aunmediated
338 _2rdacarrier
_avolume
942 _ddc
_cB
999 _c36441
_d36441